| 000 | 00972cab a2200265 4500 | ||
|---|---|---|---|
| 001 | ABS48616 | ||
| 008 | 090401t1993 xxu||||| |||| 00| 0 eng d | ||
| 035 | _a(Sirsi) u67591 | ||
| 041 | _aeng | ||
| 100 | _aDobson, N. | ||
| 245 | 2 | _aA brief guide on how to procure within the Euro law | |
| 260 | _c1993 | ||
| 350 | _a0 | ||
| 490 |
_aMunicipal Journal _v(16) 23-29 April 1993, 20-21(2) |
||
| 520 | _aAn overview of procurement law, particularly the EC Services Directive 92/50 which comes into effect of 1 July 1993. Covers thresholds, the public procurement regime, notice requirements, contract award criteria, enforcement and the directive. | ||
| 650 | _aCCT | ||
| 650 | _aCOMPULSIVE COMPETITIVE TENDERING | ||
| 650 | _aPUBLIC PROCUREMENT | ||
| 650 | _aPUBLIC SERVICES CONTRACTS | ||
| 650 | _aPUBLIC SUPPLY CONTRACTS REGULATIONS | ||
| 650 | _aPUBLIC WORKS CONTRACTS REGULATIONS | ||
| 690 | _aEUROPE-SINGLE MARKET | ||
| 942 | _n0 | ||
| 948 | _c04/03/1997 | ||
| 999 |
_c42297 _d42297 |
||